000 00535nam a2200157Ia 4500
003 GCL
005 20240530105413.0
008 140319s9999 xx 000 0 ara d
040 _aGCL /
_cGCL
082 0 4 _a358.39
_bح خ
100 _aحميدى قناص الحميدى
245 1 0 _aالخيار النووى فى الفكر الاستراتيجى الاسرائيلى
_cحميدى قناص الحميدى
260 _a[S.N] :
_bشركة الزبيان للنشر والتوزيع ،
_c1990
300 _a276 ص
942 _2ddc
_cBK
999 _c55696
_d55696